Statistiken für Sportarten (höchster Seniorenanteil)

Klicken Sie hier um das Quiz zu spielen!

Allgemein

  • Dieses Quiz wurde 115 mal gespielt
    (48 seit der letzten Aktualisierung)
  • Das Durchschnittsergebnis liegt bei 4 aus 15

Antwortstatistiken

#%Antwort% Korrekt
342,2Golf
64%
924,8Schach
64%
1223,4Tennis
56%
1322,7Tischtennis
44%
436,8Kegeln
36%
245,9Schützen/ Schießen
28%
1123,7Turnen
28%
1422,5Tanzen
23%
157,3Boccia/ Boule
15%
827,2Rudern
13%
1023,7Kanu
10%
533,8Minigolf
10%
629,7Segeln
10%
729,0Moderner Fünfkampf
5%
1520,6Ringen
3%

Verteilung der Resultate

Perzentil nach korrekt beantworteten Fragen

Anzahl Personen mit jedem Resultat

Ihre Resultats-Entwicklung

Sie haben dieses Quiz seit der letzten Aktualisierung nicht gespielt